Öt emberrel végzett Vass Gyula Szegeden, az Alsóvárosi Paprika utcában elszörnyedve emlékeznek a családirtóra /

Elmentve itt :
Bibliográfiai részletek
Szerzők: Bátyi Zoltán
Vass Gyula
Dokumentumtípus: Cikk
Megjelent: 2007-06-16
Sorozat:Délmagyarország 97 No. 139
Kulcsszavak:Vass Gyula, Szeged, Bűnügy gyilkosság Szeged - Alsóváros - Paprika utca 1961
Online Access:http://dmarchiv.bibl.u-szeged.hu/138347
LEADER 00642nab a2200169 i 4500
001 delm138347
005 20200106121648.0
008 200106s2007 hu o 0|| hun d
040 |a SZTE Délmagyarország Archívum  |b hun 
041 |a hun 
100 1 |a Bátyi Zoltán 
245 1 0 |a Öt emberrel végzett Vass Gyula   |h [elektronikus dokumentum] :  |b Szegeden, az Alsóvárosi Paprika utcában elszörnyedve emlékeznek a családirtóra /  |c  Bátyi Zoltán 
260 |c 2007-06-16 
300 |a 9 
490 0 |a Délmagyarország  |v 97 No. 139 
695 |a Vass Gyula, Szeged, Bűnügy gyilkosság Szeged - Alsóváros - Paprika utca 1961 
700 0 1 |a Vass Gyula  |e aut